000 00691nam a2200181 a 4500
005 20140412111321.0
008 010323s19uu xx 00 eng d
020 _a0-14-038345-X
050 _aER
_bMy99 1996
100 _aByars, Betsy
245 _aMy brother, ant /
_cby Betsy Byars ; illustrations by Marc Simont.
260 _aLondon :
_bPuffinBooks,
_c1996.
300 _a1 v. (unp.) ; ill.
440 _aViking easy-to-read
520 _aIn four separate stories, Ant's older brother gets rid of the monster under Ant's bed, forgives Ant for drawing on his homework, tries to read a story, and helps Ant write a letter to Santa.
650 _aBrothers - Fiction
999 _c104402
_d104402